| 000 | 01724nam a2200373 a 4500 | ||
|---|---|---|---|
| 003 | AR-BaBNM | ||
| 005 | 20251128210606.0 | ||
| 008 | 082120s2002 ||||||||||||||000 | spa|| | ||
| 020 | _a84-369-3008-8 | ||
| 040 | _cAR-BaBNM | ||
| 100 | 1 | _aCampuzano Sentí, Natalia | |
| 245 | 0 | 0 |
_aDel medio ambiente a la célula y de ésta al medio ambiente _bfunciones nutricionales |
| 260 |
_aMadrid _bMinisterio de Educacion y Ciencia (España) _bMinisterio de Cultura y Educación (Argentina) _bMinisterio de Educación (Cuba) _bMinisterio de Educación (Venezuela) _bUniversidad Nacional de Educación a Distancia _bUniversidad Autónoma de Barcelona _c1997 |
||
| 300 |
_a85 p. _btablas, gráfs. _evideo |
||
| 490 | 0 |
_aCurso de formación de profesores de ciencias. VI El cuerpo humano y la salud _vv. 1 |
|
| 500 | _aEste material forma parte del curso de enseñanza a distancia para la Televisión Educativa Iberoamericana. Se compone de 29 unidades didácticas que constan de un material impreso y de un programa audiovisual. Solicitar en MEDIATECA videos de Forciencias | ||
| 500 | _aContiene referencias bibliográficas | ||
| 610 | 2 | 4 | _aAsociación de Televisión Educativa Iberoamericana |
| 650 | 4 | _aACTIVIDADES DE APRENDIZAJE | |
| 650 | 4 | _aMETODOS DE ENSEÑANZA | |
| 650 | 4 | _aNUTRICION | |
| 651 | 4 | _aEspaña | |
| 653 | _aENSEÑANZA DE LAS CIENCIAS NATURALES | ||
| 653 | _aFORMACION DOCENTE CONTINUA | ||
| 653 | _aTERCER CICLO DE LA EGB | ||
| 653 | _aSEGUNDO CICLO DE LA EGB | ||
| 653 | _aEDUCACION SECUNDARIA | ||
| 653 | _aUNIDADES DIDACTICAS | ||
| 653 | _aEDUCACION PARA LA SALUD | ||
| 700 | 1 | _aHernández Mujica, Jorge L. | |
| 700 | 1 |
_aGil Pérez, Daniel _erevisión |
|
| 942 | _cBK | ||
| 998 | _cRaquel | ||
| 999 |
_c16074 _d16074 |
||